000 00900nam a2200253 i 4500
005 20200104041538.0
008 140310s2000 au ||||| |||| 00| 0 eng d
040 _aCO-BoIAVH
_cCO-BoIAVH
041 _aeng
082 _a634.92
_bR17s
100 1 _aRametsteiner, Ewald
245 1 0 _aSustainable forest management certification :
_bframe conditions, system designs and impact assessment /
_cEwald Rametsteiner.
260 _aViena :
_bMinisterial Conference on the Protection of Forests in Europe,
_c2000.
300 _a200 páginas ;
_c29 cm.
650 1 4 _aBosques
650 2 4 _aAdministración forestal
650 2 4 _aSilvicultura
650 2 4 _aDesarrollo sostenible
650 2 6 _aCertificación forestal
650 2 4 _aEcología forestal
650 2 4 _aRendimiento forestal
650 2 4 _aIndustria forestal
942 _cLIBRO
_2ddc
999 _c3160
_d3160